| 000 | 01444nam a2200277Ia 4500 | ||
|---|---|---|---|
| 999 |
_c55397 _d55397 |
||
| 001 | 22478 | ||
| 003 | GE_BSU | ||
| 005 | 20230321114823.0 | ||
| 008 | 181216s2006||||ge |||||||||||||| ||geo|| | ||
| 020 | _a9994046322 | ||
| 040 | _cGE_BSU | ||
| 041 | _ageo | ||
| 080 | _a94(100)"15/18"(075.8) თ-53 | ||
| 100 |
_aთვალავაძე, ვაჟა _917232 |
||
| 245 |
_aახალი ისტორია. ნაკვ. 1 1640-1815 წლები : _bსახელმძღვანელო / _cვაჟა თვალავაძე ; რედ. გ. მანჯგალაძე. |
||
| 264 |
_aთბილისი : _bმერიდიანი, _c2006. |
||
| 300 |
_a236 გვ. : _bილ. ; _c21სმ. |
||
| 500 | _aგარეკანის პირველ გვრედზე იერიში ბასტილიის ციხეზე(1794, 14 ივლისი) | ||
| 541 | _h23ლ. | ||
| 653 | _aახალი ისტორია ნაკვ. 1 1640-1815 წლები | ||
| 653 | _aახალი ისტორიის სახელმძღვანელოები უმაღლესი სასწავლებლებისათვის. | ||
| 653 | _aისტორია | ||
| 653 | _aმსოფლიოს ისტორია 1640-1815 წწ. | ||
| 700 |
_aმანჯგალაძე, გ. _eრედაქტორი _917233 |
||
| 942 |
_cBK _2udc |
||